[Event "Chessung Gp1"]
[Site "Guantanamo"]
[Date "2017.02.22"]
[Round "9.2"]
[White "Fuentes Dominguez, Felix"]
[Black "Zamora Rosales, Noslen"]
[Result "1-0"]
[WhiteElo "2293"]
[BlackElo "2230"]
[PlyCount "69"]
[EventDate "2017.02.16"]
[EventType "tourn"]
[EventRounds "10"]
[EventCountry "CUB"]
[EventCategory "1"]
[SourceTitle "EXT 2023"]
[Source "ChessBase"]
[SourceDate "2022.10.05"]
[SourceVersion "1"]
[SourceVersionDate "2022.10.05"]
[SourceQuality "1"]

1. e4 c5 2. Nf3 Nc6 3. d4 cxd4 4. Nxd4 Nf6 5. Nc3 d6 6. Bc4 e5 7. Nf5 Be6 8. Ne3 Be7 9. Bd5 Bxd5 10. Nexd5 Nxd5 11. Nxd5 0-0 12. 0-0 Bg5 13. Qd3 Rc8 14. c3 Bxc1 15. Raxc1 Ne7 16. Ne3 Qc7 17. Rfd1 Rfd8 18. Rc2 a6 19. Rcd2 b5 20. h4 Qb7 21. h5 h6 22. Ng4 Qc7 23. Qg3 Kh8 24. Ne3 a5 25. Rd3 a4 26. R1d2 a3 27. b3 Kg8 28. Qg4 Rf8 29. c4 bxc4 30. bxc4 Rb8 31. Rxa3 Rb1+ 32. Kh2 Rfb8 33. Rad3 R8b6 34. c5 Qxc5 35. Rc2 1-0

[Event "Chessung Gp1"]
[Site "Guantanamo"]
[Date "2017.02.21"]
[Round "8.2"]
[White "Zamora Rosales, Noslen"]
[Black "Mastrapa Gonzalez, Roger Sandro"]
[Result "1/2-1/2"]
[WhiteElo "2230"]
[BlackElo "2223"]
[PlyCount "20"]
[EventDate "2017.02.16"]
[EventType "tourn"]
[EventRounds "10"]
[EventCountry "CUB"]
[EventCategory "1"]
[SourceTitle "EXT 2023"]
[Source "ChessBase"]
[SourceDate "2022.10.05"]
[SourceVersion "1"]
[SourceVersionDate "2022.10.05"]
[SourceQuality "1"]

1. e4 e5 2. Nf3 Nf6 3. Nxe5 d6 4. Nf3 Nxe4 5. d4 d5 6. Bd3 Be7 7. 0-0 0-0 8. c4 Nc6 9. Nc3 Nxc3 10. bxc3 Be6 1/2-1/2

[Event "Capablanca Memorial op-B 48th"]
[Site "Havana"]
[Date "2013.04.28"]
[Round "7"]
[White "Charon Mustelier, Manuel"]
[Black "Zamora Rosales, Noslen"]
[Result "1/2-1/2"]
[WhiteElo "2159"]
[BlackElo "2205"]
[PlyCount "60"]
[EventDate "2013.04.21"]
[EventType "swiss"]
[EventRounds "9"]
[EventCountry "CUB"]
[SourceTitle "CBM 154 Extra"]
[Source "ChessBase"]
[SourceDate "2013.06.25"]
[SourceVersion "2"]
[SourceVersionDate "2013.06.25"]
[SourceQuality "1"]

1. e4 c5 2. Nc3 a6 3. g3 b5 4. Bg2 Bb7 5. Nge2 e6 6. 0-0 d6 7. d4 cxd4 8. Nxd4 Nf6 9. Re1 Nbd7 10. a4 b4 11. Nd5 Nxd5 12. exd5 e5 13. Nc6 Qc7 14. Nxb4 g6 15. a5 Bg7 16. Nc6 0-0 17. Ra3 Kh8 18. b4 f5 19. c4 e4 20. Bf4 g5 21. Bxg5 Bxc6 22. dxc6 Ne5 23. c5 dxc5 24. bxc5 Qxc6 25. Qd6 Qb5 26. Bh6 Bxh6 27. Qxh6 Qxc5 28. Qc1 Rac8 29. Qa1 Kg8 30. Qa2+ Kh8 1/2-1/2

[Event "Capablanca Memorial op-B 48th"]
[Site "Havana"]
[Date "2013.04.24"]
[Round "4"]
[White "Zamora Rosales, Noslen"]
[Black "Chavez Estevez, Hayler David"]
[Result "1-0"]
[WhiteElo "2205"]
[BlackElo "2157"]
[PlyCount "65"]
[EventDate "2013.04.21"]
[EventType "swiss"]
[EventRounds "9"]
[EventCountry "CUB"]
[SourceTitle "CBM 154 Extra"]
[Source "ChessBase"]
[SourceDate "2013.06.25"]
[SourceVersion "2"]
[SourceVersionDate "2013.06.25"]
[SourceQuality "1"]

1. e4 g6 2. d4 d6 3. Nc3 Bg7 4. Be3 Nd7 5. Qd2 c6 6. Nf3 Qc7 7. Bd3 b5 8. 0-0 Nb6 9. h3 h6 10. Rfe1 Bd7 11. b3 Rd8 12. Ne2 e5 13. c4 bxc4 14. bxc4 Be6 15. d5 cxd5 16. cxd5 Bd7 17. Rec1 Qb7 18. Qb4 Bf8 19. Rab1 Qa8 20. Nc3 Be7 21. Nb5 Bxb5 22. Bxb5+ Kf8 23. Bc6 Qb8 24. a4 Nf6 25. a5 Nbd7 26. Qa4 Qc8 27. Rb7 Kg7 28. Rxa7 Qb8 29. Rb7 Qc8 30. a6 g5 31. Bxd7 Qxd7 32. Rxd7 Rxd7 33. a7 1-0

[Event "Camaguey-A"]
[Site "Camaguey"]
[Date "2010.02.03"]
[Round "2"]
[White "Zamora Rosales, Noslen"]
[Black "Robaina Hernandez, Carlos"]
[Result "1-0"]
[WhiteElo "2166"]
[BlackElo "2182"]
[PlyCount "81"]
[EventDate "2010.02.02"]
[EventType "tourn"]
[EventRounds "11"]
[EventCountry "CUB"]
[SourceTitle "CBM 135 Extra"]
[Source "ChessBase"]
[SourceDate "2010.05.04"]
[SourceVersion "1"]
[SourceVersionDate "2010.05.04"]
[SourceQuality "1"]

1. e4 e6 2. d4 d5 3. e5 Qd7 4. Nf3 b6 5. c3 c5 6. Be2 Ba6 7. 0-0 Bxe2 8. Qxe2 Nc6 9. Be3 Be7 10. a3 c4 11. Nbd2 Nh6 12. Bxh6 gxh6 13. Qe3 Na5 14. Qxh6 0-0-0 15. Qe3 Rhg8 16. Qe2 Kb7 17. Rfb1 Rc8 18. a4 Rc7 19. b4 Nc6 20. Re1 Rcc8 21. Nf1 Rg6 22. Ng3 Rcg8 23. Kh1 h5 24. b5 Na5 25. Nxh5 Rh8 26. Nf4 Rg4 27. g3 Qd8 28. Kg2 Qg8 29. Qe3 Qh7 30. Rh1 Qf5 31. h3 Rgg8 32. Ne2 Bf8 33. g4 Nb3 34. Ng3 Qc2 35. Rad1 Na5 36. Qf4 Rh7 37. Qf6 Qxa4 38. Ng5 Rxg5 39. Qxg5 Rg7 40. Qd8 Qa3 41. Nh5 1-0

[Event "Camaguey Province-ch"]
[Site "Camaguey"]
[Date "2009.11.11"]
[Round "2"]
[White "Diaz Quesada, George"]
[Black "Zamora Rosales, Noslen"]
[Result "1/2-1/2"]
[WhiteElo "2161"]
[BlackElo "2138"]
[PlyCount "23"]
[EventDate "2009.11.02"]
[EventType "tourn"]
[EventRounds "18"]
[EventCountry "CUB"]
[EventCategory "1"]
[SourceTitle "EXT 2012"]
[Source "ChessBase"]
[SourceDate "2011.11.24"]
[SourceVersion "1"]
[SourceVersionDate "2011.11.24"]
[SourceQuality "1"]

1. e4 c5 2. c3 e6 3. Nf3 Nf6 4. e5 Nd5 5. g3 Nc6 6. Bg2 d6 7. exd6 Bxd6 8. d4 0-0 9. 0-0 cxd4 10. Nxd4 Nxd4 11. Qxd4 Qc7 12. Nd2 1/2-1/2

[Event "Camaguey Province-ch"]
[Site "Camaguey"]
[Date "2009.11.10"]
[Round "2"]
[White "Zamora Rosales, Noslen"]
[Black "Robaina Hernandez, Carlos"]
[Result "1/2-1/2"]
[WhiteElo "2138"]
[BlackElo "2180"]
[PlyCount "100"]
[EventDate "2009.11.02"]
[EventType "tourn"]
[EventRounds "18"]
[EventCountry "CUB"]
[EventCategory "1"]
[SourceTitle "EXT 2012"]
[Source "ChessBase"]
[SourceDate "2011.11.24"]
[SourceVersion "1"]
[SourceVersionDate "2011.11.24"]
[SourceQuality "1"]

1. e4 e6 2. d4 d5 3. Nc3 Nf6 4. exd5 exd5 5. Bd3 Nc6 6. Be3 Nb4 7. Bb5+ c6 8. Ba4 Bd6 9. Nf3 0-0 10. h3 Ne4 11. Bb3 Bf5 12. a3 Na6 13. Ne2 Nc7 14. Bf4 Ne6 15. Bxd6 Qxd6 16. Nh4 Bg6 17. 0-0 Nf4 18. Nxf4 Qxf4 19. g3 Qh6 20. Kh2 Nd2 21. Re1 Rae8 22. f4 Nxb3 23. cxb3 Be4 24. Qd2 Qf6 25. Re3 g5 26. fxg5 Qxg5 27. Rae1 f5 28. Ng2 Bxg2 29. Kxg2 Re4 30. Qf2 Qg7 31. Rd3 Rfe8 32. Rdd1 f4 33. Rxe4 Rxe4 34. Rd3 Qe7 35. Kf1 Qf6 36. Kg2 Qe6 37. Rd2 Qg6 38. Rd3 Qe6 39. Rd2 h5 40. gxf4 Qf5 41. Qg3+ Kf7 42. Kh2 Ke6 43. Rf2 Kd6 44. Qg5 Ke6 45. Qg8+ Kd7 46. Qb8 Re3 47. Qxb7+ Kd6 48. Qb8+ Kd7 49. Qb7+ Kd8 50. Qb8+ Kd7 1/2-1/2

[Event "Camaguey Province-ch"]
[Site "Camaguey"]
[Date "2009.11.08"]
[Round "1"]
[White "Hechavarria Puga, Ernesto"]
[Black "Zamora Rosales, Noslen"]
[Result "1/2-1/2"]
[WhiteElo "2080"]
[BlackElo "2138"]
[PlyCount "24"]
[EventDate "2009.11.02"]
[EventType "tourn"]
[EventRounds "18"]
[EventCountry "CUB"]
[EventCategory "1"]
[SourceTitle "EXT 2012"]
[Source "ChessBase"]
[SourceDate "2011.11.24"]
[SourceVersion "1"]
[SourceVersionDate "2011.11.24"]
[SourceQuality "1"]

1. e4 c6 2. d4 d5 3. Nc3 dxe4 4. Nxe4 Nd7 5. Nf3 Ngf6 6. Nxf6+ Nxf6 7. Bc4 e6 8. 0-0 Bd6 9. a3 Qc7 10. h3 b6 11. b3 Bb7 12. Bb2 0-0-0 1/2-1/2

[Event "Camaguey Province-ch sf"]
[Site "Camaguey"]
[Date "2009.08.28"]
[Round "14"]
[White "Pina, Pavel"]
[Black "Zamora Rosales, Noslen"]
[Result "0-1"]
[WhiteElo "1987"]
[BlackElo "2138"]
[PlyCount "66"]
[EventDate "2009.08.15"]
[EventType "tourn"]
[EventRounds "17"]
[EventCountry "CUB"]
[EventCategory "1"]
[SourceTitle "EXT 2012"]
[Source "ChessBase"]
[SourceDate "2011.11.24"]
[SourceVersion "1"]
[SourceVersionDate "2011.11.24"]
[SourceQuality "1"]

1. d4 d5 2. Nf3 Nf6 3. Bg5 c6 4. c3 Bf5 5. Bxf6 gxf6 6. Nbd2 Nd7 7. Nh4 Bg6 8. Ndf3 e5 9. Nxg6 hxg6 10. dxe5 fxe5 11. e3 e4 12. Nd4 Ne5 13. Qb3 Qc7 14. Be2 0-0-0 15. 0-0-0 Bc5 16. Kb1 a6 17. h3 b5 18. a4 Nc4 19. axb5 axb5 20. Bxc4 bxc4 21. Qc2 Kd7 22. f3 Rb8 23. Kc1 exf3 24. Rhf1 Bxd4 25. Rxd4 Ra8 26. Rxf3 f5 27. Qd2 Ra1+ 28. Kc2 Qa5 29. Rxc4 Qa2 30. Rb4 Qb1+ 31. Kb3 Rha8 32. Rb6 R1a3+ 33. Kb4 R8a4+ 0-1

[Event "Camaguey Province-ch sf"]
[Site "Camaguey"]
[Date "2009.08.25"]
[Round "11"]
[White "Zamora Rosales, Noslen"]
[Black "Torres Delgado, Walfrido"]
[Result "1/2-1/2"]
[WhiteElo "2138"]
[BlackElo "2003"]
[PlyCount "38"]
[EventDate "2009.08.15"]
[EventType "tourn"]
[EventRounds "17"]
[EventCountry "CUB"]
[EventCategory "1"]
[SourceTitle "EXT 2012"]
[Source "ChessBase"]
[SourceDate "2011.11.24"]
[SourceVersion "1"]
[SourceVersionDate "2011.11.24"]
[SourceQuality "1"]

1. e4 c5 2. Nf3 g6 3. c3 Bg7 4. d4 cxd4 5. cxd4 d5 6. e5 Bg4 7. Qb3 Qd7 8. Nbd2 Nc6 9. h3 Be6 10. Be2 f6 11. exf6 exf6 12. Nf1 Nge7 13. Ne3 0-0 14. 0-0 Rfe8 15. Bd2 Kh8 16. Rfe1 a6 17. Rac1 Nf5 18. Nxf5 Bxf5 19. Be3 Bf8 1/2-1/2

[Event "Camaguey Province-ch sf"]
[Site "Camaguey"]
[Date "2009.08.17"]
[Round "3"]
[White "Hechavarria Puga, Ernesto"]
[Black "Zamora Rosales, Noslen"]
[Result "1/2-1/2"]
[WhiteElo "2080"]
[BlackElo "2138"]
[PlyCount "64"]
[EventDate "2009.08.15"]
[EventType "tourn"]
[EventRounds "17"]
[EventCountry "CUB"]
[EventCategory "1"]
[SourceTitle "EXT 2012"]
[Source "ChessBase"]
[SourceDate "2011.11.24"]
[SourceVersion "1"]
[SourceVersionDate "2011.11.24"]
[SourceQuality "1"]

1. e4 e6 2. d4 d5 3. e5 b6 4. Bb5+ c6 5. Ba4 Ne7 6. Ne2 Ba6 7. c3 Nd7 8. 0-0 Qc7 9. Nd2 Nf5 10. Nf3 Be7 11. Re1 h5 12. Bc2 g6 13. Bf4 0-0-0 14. Ng5 Rdf8 15. a4 h4 16. Qd2 Bxe2 17. Rxe2 Qd8 18. Bxf5 gxf5 19. Nf3 Rfg8 20. Ne1 Nf8 21. h3 Ng6 22. b4 Kb7 23. Qc1 Qc7 24. Nd3 a6 25. Rea2 Rc8 26. Bg5 Rhg8 27. Bxe7 Qxe7 28. b5 a5 29. Rb1 c5 30. dxc5 bxc5 31. c4 Kb6 32. Re2 d4 1/2-1/2

[Event "Camaguey Province-ch sf"]
[Site "Camaguey"]
[Date "2009.08.17"]
[Round "4"]
[White "Zamora Rosales, Noslen"]
[Black "Leon Oquendo, Jorge L"]
[Result "1-0"]
[WhiteElo "2138"]
[BlackElo "2108"]
[PlyCount "29"]
[EventDate "2009.08.15"]
[EventType "tourn"]
[EventRounds "17"]
[EventCountry "CUB"]
[EventCategory "1"]
[SourceTitle "EXT 2012"]
[Source "ChessBase"]
[SourceDate "2011.11.24"]
[SourceVersion "1"]
[SourceVersionDate "2011.11.24"]
[SourceQuality "1"]

1. e4 c6 2. Nc3 d5 3. Nf3 Bg4 4. h3 Bh5 5. d4 dxe4 6. Nxe4 Bxf3 7. Qxf3 Qxd4 8. Be3 Qxb2 9. Bc4 Nf6 10. 0-0 b5 11. Bb3 g6 12. Rad1 Qe5 13. Ng5 Nbd7 14. Bxf7+ Kd8 15. Ne6+ 1-0

[Event "Camaguey Juegos del Alba 3rd prelim"]
[Site "Camaguey"]
[Date "2009.04.17"]
[Round "3"]
[White "Ostos, Julio Eduardo"]
[Black "Zamora Rosales, Noslen"]
[Result "1/2-1/2"]
[WhiteElo "2316"]
[BlackElo "2138"]
[PlyCount "79"]
[EventDate "2009.04.15"]
[EventType "team-tourn"]
[EventRounds "5"]
[EventCountry "CUB"]
[SourceTitle "EXT 2019"]
[Source "ChessBase"]
[SourceDate "2018.10.10"]
[SourceVersion "1"]
[SourceVersionDate "2018.10.10"]
[SourceQuality "1"]
[WhiteTeam "Venezuela"]
[BlackTeam "Camaguey"]
[WhiteTeamCountry "VEN"]
[BlackTeamCountry "CUB"]

1. e4 c5 2. Nf3 d6 3. Nc3 Nf6 4. e5 dxe5 5. Nxe5 a6 6. a4 Nbd7 7. Nc4 Nb6 8. Nxb6 Qxb6 9. Be2 Bd7 10. Bf3 e6 11. d3 Bd6 12. 0-0 Qc7 13. h3 h6 14. Re1 0-0 15. Qe2 Bc6 16. Bxc6 Qxc6 17. b3 Bc7 18. Bb2 Ba5 19. Qe5 Bc7 20. Qe3 Qd6 21. Qf3 Nd5 22. g3 Ba5 23. Nxd5 exd5 24. Re5 Rad8 25. Qe2 d4 26. Ba3 b6 27. Rd1 Qd7 28. Kg2 Rde8 29. Re4 f5 30. Rxe8 Rxe8 31. Qf3 Qe6 32. Rf1 Qe2 33. Qd5+ Kh8 34. Qf7 f4 35. Bc1 f3+ 36. Qxf3 Qxc2 37. Bxh6 gxh6 38. Qf6+ Kg8 39. Qg6+ Kf8 40. Qf6+ 1/2-1/2